000 00267nam a2200097Ia 4500
082 _a600 RID
245 0 _aBig and busy where things come from
100 _a Edwards, Hermione New York, 2009
_978718
942 _cBK
008 210817s9999 xx 000 0 und d
999 _c272553
_d272552